000 00481 a2200169 4500
003 OSt
005 20240110145748.0
008 240110b |||||||| |||| 00| 0 eng d
020 _a9789382581017
040 _coclc
082 _a297
_bABD/S
100 _aAbdulla, Abdul Jabbar
_91916
245 _aSATHYANWESIKALUDE KATHAKAL /
_cAbdul Jabba Abdullah
260 _aKerala:
_bDa'wa books
_c2012.
300 _a61p
942 _2ddc
_cBK
_h297
_iABD/S
_k297
_mABD/S
999 _c43064
_d43064